Enfoques pedagógicos y didácticas contemporáneas: pedagogía conceptual, pedagogía afectiva, enseñanza para la comprensión, cambio conceptual, metodológico, actitudinal y axiológico, didáctica problémica, aprendizaje significativo, estructuración cognitiva, aprendizaje basado en problemas, didácticas activas

Guardat en:
Dades bibliogràfiques
Autor principal: Zubiría Samper, Miguel de (Autor)
Format: Llibre
Idioma:espanyol
Publicat: Bogotá Fundación Internacional de Pedagogía Conceptual Alberto Merani 2004
Edició:1a. ed
Matèries:
Etiquetes: Afegir etiqueta
Sense etiquetes, Sigues el primer a etiquetar aquest registre!

MARC

LEADER 00000nam a2200000 a 4500
001 UCI5040
003 CL-VaPUC
008 080311e20040000CK |||||||||||||||||spa|d
020 |a 9589696775 
082 0 4 |a 370.1  |b ZUB  |2 21 
100 0 |a Zubiría Samper, Miguel de  |e author  |9 527115 
245 1 0 |a Enfoques pedagógicos y didácticas contemporáneas: pedagogía conceptual, pedagogía afectiva, enseñanza para la comprensión, cambio conceptual, metodológico, actitudinal y axiológico, didáctica problémica, aprendizaje significativo, estructuración cognitiva, aprendizaje basado en problemas, didácticas activas 
250 |a 1a. ed 
300 |a 351 p 
942 |c BK 
945 |d 20080311 00:00:00  |a cmena 
260 |a Bogotá  |b Fundación Internacional de Pedagogía Conceptual Alberto Merani  |c 2004 
650 0 |a Filosofía de la educación   |9 258384 
650 0 |a Métodos de enseñanza  |9 270413 
650 0 |a Aprendizaje significativo  |9 468450 
650 0 |a Cognición   |9 270347 
583 |a last modification  |c 20080311 00:00:00  |k Rodrigo Vera 
999 |c 328804  |d 328802